000
00361 a2200181 4500
260
_a
London
100
_a
GREN, Lucas
260
_b
IUCN
245
_a
The IUCN plant red data
300
_a
540p.
650
_a
espèces végétales
650
_a
plantes
260
_c
1978
130
_l
En.
020
_a
2-88032-202-2
999
_c
27794
_d
27794